000 00793nam a2200265Ia 4500
003 OSt
005 20220928125025.0
006 a|||||r|||| 00| 0
007 ta
008 220927b |||||||| |||| 00| 0 eng d
020 _c350
024 _a125234
037 _b194, 17/12/2014, Classic Book Service
_cTextual
040 _aSDCL
_cSDCL
_beng
041 _2eng
_aeng
082 _aD6,8(B2895),3, Q0
100 _aPakhira Malay K.
_9467628
245 0 _aComputer graphics, multimedia and animation(with cd rom)
250 _a2nd ed.
260 _aDelhi
_bPHI Learning P. Ltd.
_c2013
300 _axvi;402p.
_ccm.
650 _aI I C
942 _hD6,8(B2895),3, Q0
_cTEXL
_2CC
999 _c780500
_d780500